000 00977mam a22003018a 4500
008
020 _a0070170479 (pbk.)
049 _aMAIN
050 0 0 _aTJ216.5 DIS
100 1 _aDiStefano, Joseph J.
245 1 0 _aSchaum's outline of theory and problems of feedback and control systems /
_cJoseph J. DiStefano, Allen R. Stubberud, Ivan J. Williams.
250 _a2nd ed.
260 _aNew York :
_bMcGraw-Hill,
_cc1990.
300 _a496 p. :
_bill. ;
_c28 cm.
490 0 _aSchaum's outline series
504 _aIncludes bibliographical references
500 _aIncludes Index
650 0 _aFeedback control systems.
650 0 _aControl theory.
700 1 0 _aStubberud, Allen R.
700 1 0 _aWilliams, Ivan J.
740 0 1 _aOutline of theory and problems of feedback and control systems.
907 _a.b10264048
_b20-10-09
_c26-06-09
003
005 20230123124939.0
040 _cNUST
942 _cBOOKS
999 _c133054
_d133054